LIBRARY & INFORMATION CENTRE, KCAET, TAVANUR

ONLINE PUBLIC ACCESS CATALOGUE (OPAC)

Familly footlights / (Record no. 11828)

MARC details
000 -LEADER
fixed length control field 00343cam a2200145ua 4500
003 - CONTROL NUMBER IDENTIFIER
control field OSt
008 - FIXED-LENGTH DATA ELEMENTS--GENERAL INFORMATION
fixed length control field 231113b |||||||| |||| 00| 0 eng d
041 ## - LANGUAGE CODE
Language code of text/sound track or separate title eng
082 ## - DEWEY DECIMAL CLASSIFICATION NUMBER
Classification number 823.308
Item number BAR/FA
100 ## - MAIN ENTRY--AUTHOR NAME
Personal name Barne, Kitty .
245 ## - TITLE STATEMENT
Title Familly footlights /
260 ## - PUBLICATION, DISTRIBUTION, ETC. (IMPRINT)
Place of publication :
Name of publisher dent prnnat books ,
Year of publication 1963.
300 ## - PHYSICAL DESCRIPTION
Number of Pages 244 ; .
942 ## - ADDED ENTRY ELEMENTS (KOHA)
Koha item type Books
Holdings
Withdrawn status Lost status Damaged status Home library Current library Date acquired Full call number Accession Number Koha item type
Withdrawn     KAUAET Kelappaji 13/11/2023 823.308 BAR/FA 10395 Books
free website counter